000 00520nam a2200193Ia 4500
005 20250423095805.0
008 250422s9999 xx 000 0 und d
020 _a9780333912515
050 _aBF 76.5 .B36/
100 _aBanyard, Philip
245 0 _aIntroducing psychological research
250 _a2nd ed.
260 _aUnited Kingdom
260 _bPalgrave Macmillan
260 _c2000
300 _a531 p
650 _aPsychology--Research. Psychology, Experimental. Psychology--History.
942 _cBK
999 _c31342
_d31342